000 01865cas a2200541 a 4500
001 data
005 20260322212117.0
008 data
010 _asn 95007729
015 _a011540095
_2dnb
016 7 _a011540095
_2DE-101
016 7 _a255018-0
_2DE-600
016 7 _a009199259
_2Uk
019 _a1231188238
_a1231090189
_a1231188238
022 0 _a0073-0521
_21
023 0 _a0073-0521
_21
029 1 _aAU@
_b000000904570
029 1 _aHEBIS
_b013135929
029 1 _aHEBIS
_b054744024
029 1 _aZWZ
_b013430785
029 1 _aNZ1
_b14149416
029 1 _aNZ1
_b1544442
029 1 _aNLNZL
_b9915444423502836
029 1 _aUKMGB
_b009199259
035 _a(OCoLC)1751803
040 _aMUL
_beng
_cMUL
_dOCLCQ
_dYUS
_dOCL
_dNYS
_dNSD
_dDLC
_dIUL
_dWAU
_dOCLCQ
_dHEBIS
_dGBVCP
_dOCLCQ
_dOCLCF
_dOCLCO
_dOCL
_dUKMGB
_dOKS
_dOCLCQ
_dOCLCL
_dOCLCQ
042 _apcc
_apcc
050 0 0 _aCLASSED SEPARATELY
082 1 0 _a900
_212
_1https://id.oclc.org/worldcat/ddc/E48wq7jdPxXjCKcWbGhyfThfCY
210 0 _aHarv. hist. monogr.
222 0 _aHarvard historical monographs
245 0 0 _aHarvard historical monographs.
260 _aCambridge :
_bHarvard University Press,
_c1932-1987.
300 _a74 volumes :
_billustrations ;
_c20-25 cm
310 _aIrregular
336 _atext
_btxt
_2rdacontent
337 _aunmediated
_bn
_2rdamedia
338 _avolume
_bnc
_2rdacarrier
362 0 _a1-v. 74.
550 _a"Published under the direction of the Department of History from the income of the Robert Louis Stroock Fund."
650 0 _aHistory.
650 7 _aHistory.
_2fast
_0(OCoLC)fst00958235
655 7 _aHistory.
_2fast
_0(OCoLC)fst01411628
710 2 _aHarvard University.
_bDepartment of History.
776 0 8 _iOnline version:
_tHarvard historical monographs
_w(OCoLC)762149492
906 _a7
_bcbc
_cserials
_du
_encip
_f19
_gn-oclcserc
999 _c1778
_d1778